=LDR 00000nam 2200000 4500 =001 INLIS000000000006038 =005 20200227074045 =035 ##$$a 0010-061300000006038 =008 200227################g##########0#ind## =041 ##$$a Ind =082 ##$$a 153.42 =090 ##$$a 153.42 Bon b =100 ##$$a Bono, Edward de =245 1#$$a Berfikir lateral : $b Buku teks kreativitas /$c Edward de bono; Alih bahasa, budi =260 ##$$a Jakarta :$b Binarupa aksara,$c 1990 =300 ##$$a ii, 298 hlm : $b Ilus ; $c 13, 5 x 21, 5 Cm =650 #4$$a Fikiran dan pemikiran =850 ##$$a NBPNMAT =084 ##$$a 153.42 BON b =250 ##$$a Cet. 1 =990 ##$$a 49. 360/ Pb- 92 =990 ##$$a 0001/BPAP-NTB/20142014